000 00586nam a2200217Ia 4500
003 OSt
005 20220925221802.0
006 a|||||r|||| 00| 0
007 ta
008 220923b |||||||| |||| 00| 0 eng d
037 _cGeneral Book
040 _aRTL
_cRTL
_beng
041 _2eng
_aeng
082 _aWxM85, L9/SC
100 _aLOWY Michael
_981643
245 0 _aGeorge Lukacs- from romanticism to Bolshevism.
260 _aLondon
_bNLB
_c1979
300 _a219p.
_ccm.
942 _hWxM85, L9/SC
_cGB
_2CC
999 _c575326
_d575326